<?xml version="1.0" encoding="UTF-8"?>
<record
    xmlns:xsi="http://www.w3.org/2001/XMLSchema-instance"
    xsi:schemaLocation="http://www.loc.gov/MARC21/slim http://www.loc.gov/standards/marcxml/schema/MARC21slim.xsd"
    xmlns="http://www.loc.gov/MARC21/slim">

  <leader>00735nam a22002177a 4500</leader>
  <controlfield tag="003">OSt</controlfield>
  <controlfield tag="005">20260630100918.0</controlfield>
  <controlfield tag="008">260630b        |||||||| |||| 00| 0 eng d</controlfield>
  <datafield tag="020" ind1=" " ind2=" ">
    <subfield code="a">9780325047287</subfield>
  </datafield>
  <datafield tag="040" ind1=" " ind2=" ">
    <subfield code="c">Chuka University Library</subfield>
  </datafield>
  <datafield tag="050" ind1=" " ind2=" ">
    <subfield code="a">LB 1576</subfield>
    <subfield code="b">.H37 2013</subfield>
  </datafield>
  <datafield tag="100" ind1=" " ind2=" ">
    <subfield code="a">Hartman, Amanda</subfield>
    <subfield code="9">31984</subfield>
  </datafield>
  <datafield tag="245" ind1=" " ind2=" ">
    <subfield code="a">Lessons from the Masters : Improving Narrative Writing </subfield>
  </datafield>
  <datafield tag="260" ind1=" " ind2=" ">
    <subfield code="a">New Hampshire </subfield>
    <subfield code="b">Heinemann</subfield>
    <subfield code="c">2013</subfield>
  </datafield>
  <datafield tag="300" ind1=" " ind2=" ">
    <subfield code="a">x, 132pp</subfield>
    <subfield code="b">illustrated</subfield>
  </datafield>
  <datafield tag="650" ind1=" " ind2=" ">
    <subfield code="a">Narration ( Rhetoric) - Study and teaching Elementary</subfield>
    <subfield code="9">31985</subfield>
  </datafield>
  <datafield tag="650" ind1=" " ind2=" ">
    <subfield code="a">English Language - Composition and exercises - Study and Teaching (Elementary)</subfield>
  </datafield>
  <datafield tag="700" ind1=" " ind2=" ">
    <subfield code="a">Calkins, Lucy (Ed.)</subfield>
    <subfield code="9">31986</subfield>
  </datafield>
  <datafield tag="700" ind1=" " ind2=" ">
    <subfield code="a">Mooney, Julia</subfield>
    <subfield code="9">29178</subfield>
  </datafield>
  <datafield tag="942" ind1=" " ind2=" ">
    <subfield code="2">lcc</subfield>
    <subfield code="c">BK</subfield>
    <subfield code="n">0</subfield>
  </datafield>
  <datafield tag="952" ind1=" " ind2=" ">
    <subfield code="0">0</subfield>
    <subfield code="1">0</subfield>
    <subfield code="2">lcc</subfield>
    <subfield code="4">0</subfield>
    <subfield code="7">0</subfield>
    <subfield code="8">LGL</subfield>
    <subfield code="a">CHK</subfield>
    <subfield code="b">CHK</subfield>
    <subfield code="c">GEN</subfield>
    <subfield code="d">2026-06-30</subfield>
    <subfield code="e">Donations from books from Africa</subfield>
    <subfield code="g">174.44</subfield>
    <subfield code="l">0</subfield>
    <subfield code="o">LB 1576 .H37 2013</subfield>
    <subfield code="p">36486/2026</subfield>
    <subfield code="r">2026-06-30 10:10:25</subfield>
    <subfield code="t">C.1</subfield>
    <subfield code="w">2026-06-30</subfield>
    <subfield code="y">BK</subfield>
  </datafield>
  <datafield tag="952" ind1=" " ind2=" ">
    <subfield code="0">0</subfield>
    <subfield code="1">0</subfield>
    <subfield code="2">lcc</subfield>
    <subfield code="4">0</subfield>
    <subfield code="7">0</subfield>
    <subfield code="8">LGL</subfield>
    <subfield code="a">CHK</subfield>
    <subfield code="b">CHK</subfield>
    <subfield code="c">GEN</subfield>
    <subfield code="d">2026-06-30</subfield>
    <subfield code="e">Donations from books from Africa</subfield>
    <subfield code="g">174.44</subfield>
    <subfield code="l">0</subfield>
    <subfield code="o">LB 1576 .H37 2013</subfield>
    <subfield code="p">36485/2026</subfield>
    <subfield code="r">2026-06-30 10:11:08</subfield>
    <subfield code="t">C.7</subfield>
    <subfield code="w">2026-06-30</subfield>
    <subfield code="y">BK</subfield>
  </datafield>
  <datafield tag="952" ind1=" " ind2=" ">
    <subfield code="0">0</subfield>
    <subfield code="1">0</subfield>
    <subfield code="2">lcc</subfield>
    <subfield code="4">0</subfield>
    <subfield code="7">0</subfield>
    <subfield code="8">LGL</subfield>
    <subfield code="a">CHK</subfield>
    <subfield code="b">CHK</subfield>
    <subfield code="c">GEN</subfield>
    <subfield code="d">2026-06-30</subfield>
    <subfield code="e">Donations from books from Africa</subfield>
    <subfield code="g">174.44</subfield>
    <subfield code="l">0</subfield>
    <subfield code="o">LB 1576 .H37 2013</subfield>
    <subfield code="p">36484/2026</subfield>
    <subfield code="r">2026-06-30 10:11:43</subfield>
    <subfield code="t">C.6</subfield>
    <subfield code="w">2026-06-30</subfield>
    <subfield code="y">BK</subfield>
  </datafield>
  <datafield tag="952" ind1=" " ind2=" ">
    <subfield code="0">0</subfield>
    <subfield code="1">0</subfield>
    <subfield code="2">lcc</subfield>
    <subfield code="4">0</subfield>
    <subfield code="7">0</subfield>
    <subfield code="8">LGL</subfield>
    <subfield code="a">CHK</subfield>
    <subfield code="b">CHK</subfield>
    <subfield code="c">GEN</subfield>
    <subfield code="d">2026-06-30</subfield>
    <subfield code="e">Donations from books from Africa</subfield>
    <subfield code="g">174.44</subfield>
    <subfield code="l">0</subfield>
    <subfield code="o">LB 1576 .H37 2013</subfield>
    <subfield code="p">36483/2026</subfield>
    <subfield code="r">2026-06-30 10:12:14</subfield>
    <subfield code="t">C.5</subfield>
    <subfield code="w">2026-06-30</subfield>
    <subfield code="y">BK</subfield>
  </datafield>
  <datafield tag="952" ind1=" " ind2=" ">
    <subfield code="0">0</subfield>
    <subfield code="1">0</subfield>
    <subfield code="2">lcc</subfield>
    <subfield code="4">0</subfield>
    <subfield code="7">0</subfield>
    <subfield code="8">LGL</subfield>
    <subfield code="a">CHK</subfield>
    <subfield code="b">CHK</subfield>
    <subfield code="c">GEN</subfield>
    <subfield code="d">2026-06-30</subfield>
    <subfield code="e">Donations from books from Africa</subfield>
    <subfield code="g">174.44</subfield>
    <subfield code="l">0</subfield>
    <subfield code="o">LB 1576 .H37 2013</subfield>
    <subfield code="p">36482/2026</subfield>
    <subfield code="r">2026-06-30 10:12:46</subfield>
    <subfield code="t">C.4</subfield>
    <subfield code="w">2026-06-30</subfield>
    <subfield code="y">BK</subfield>
  </datafield>
  <datafield tag="952" ind1=" " ind2=" ">
    <subfield code="0">0</subfield>
    <subfield code="1">0</subfield>
    <subfield code="2">lcc</subfield>
    <subfield code="4">0</subfield>
    <subfield code="7">0</subfield>
    <subfield code="8">LGL</subfield>
    <subfield code="a">CHK</subfield>
    <subfield code="b">CHK</subfield>
    <subfield code="c">GEN</subfield>
    <subfield code="d">2026-06-30</subfield>
    <subfield code="e">Donations from books from Africa</subfield>
    <subfield code="g">174.44</subfield>
    <subfield code="l">0</subfield>
    <subfield code="o">LB 1576 .H37 2013</subfield>
    <subfield code="p">36481/2026</subfield>
    <subfield code="r">2026-06-30 10:13:23</subfield>
    <subfield code="t">C.3</subfield>
    <subfield code="w">2026-06-30</subfield>
    <subfield code="y">BK</subfield>
  </datafield>
  <datafield tag="952" ind1=" " ind2=" ">
    <subfield code="0">0</subfield>
    <subfield code="1">0</subfield>
    <subfield code="2">lcc</subfield>
    <subfield code="4">0</subfield>
    <subfield code="7">0</subfield>
    <subfield code="8">LGL</subfield>
    <subfield code="a">CHK</subfield>
    <subfield code="b">CHK</subfield>
    <subfield code="c">GEN</subfield>
    <subfield code="d">2026-06-30</subfield>
    <subfield code="e">Donations from books from Africa</subfield>
    <subfield code="g">174.44</subfield>
    <subfield code="l">0</subfield>
    <subfield code="o">LB 1576 .H37 2013</subfield>
    <subfield code="p">36480/2026</subfield>
    <subfield code="r">2026-06-30 10:13:59</subfield>
    <subfield code="t">C.2</subfield>
    <subfield code="w">2026-06-30</subfield>
    <subfield code="y">BK</subfield>
  </datafield>
  <datafield tag="999" ind1=" " ind2=" ">
    <subfield code="c">25584</subfield>
    <subfield code="d">25584</subfield>
  </datafield>
</record>
